| 000 | 00460nam a2200181Ia 4500 | ||
|---|---|---|---|
| 003 | GCL | ||
| 008 | 140319s9999 xx 000 0 eng d | ||
| 040 |
_aGCL / _cGCL |
||
| 082 | 0 | 4 |
_a823 _bG G |
| 100 | 1 | _aGIFFORE, THOMAS | |
| 245 | 1 | 0 |
_aTHE GLENDOWER LEGACY / _cGIFFORE, THOMAS |
| 260 |
_a[S.N] : _bSPHERE BOOKS LIMITED ، _c1997 |
||
| 300 | _a319 P | ||
| 650 | 0 | 4 | _aENGLISH LITERATURE |
| 650 | 0 | 4 | _aENGLISH FICTION |
| 650 | 0 | 4 | _aFICTION |
| 942 |
_2ddc _cBK |
||
| 999 |
_c14856 _d14856 |
||